000 00250nam a2200097Ia 4500
008 200302s9999 xx 000 0 und d
100 _aRaghupati Bhat
245 _aIndian art series Enduring Epics
260 _bNiyogi Books Published
300 _a126 P.,
999 _c4060
_d4060